Представление документа в формате MARC21

ПолеНазваниеЗначение
  Тип записи a
  Библиографический уровень m
001 Контрольный номер RU\infra-m\znanium\bibl\2225727
005 Дата корректировки 20260429142156.0
008 Кодируемые данные 250908s2025 RU g rus u
020 Индекс ISBN __
a ISBN 978-5-9729-2415-8
040 Источник каталогиз. __
a Служба первич. каталог. Общество с ограниченной ответственностью «ЗНАНИУМ»
041 Код языка издания __
a Код языка текста rus
044 Код страны публикации __
a Код страны публикации RU
080 Индекс УДК __
a Индекс УДК 622
080 Индекс УДК __
a Индекс УДК 692
084 Индекс другой классификации/Индекс ББК __
2 Источник индекса rubbk
a Индекс другой классификации/Индекс ББК 397
084 Индекс другой классификации/Индекс ББК __
2 Источник индекса okso
a Индекс другой классификации/Индекс ББК 21.02.03
084 Индекс другой классификации/Индекс ББК __
2 Источник индекса okso
a Индекс другой классификации/Индекс ББК 21.03.01
084 Индекс другой классификации/Индекс ББК __
2 Источник индекса okso
a Индекс другой классификации/Индекс ББК 21.04.01
084 Индекс другой классификации/Индекс ББК __
2 Источник индекса okso
a Индекс другой классификации/Индекс ББК 21.05.02
084 Индекс другой классификации/Индекс ББК __
2 Источник индекса okso
a Индекс другой классификации/Индекс ББК 21.05.04
084 Индекс другой классификации/Индекс ББК __
2 Источник индекса okso
a Индекс другой классификации/Индекс ББК 21.05.05
084 Индекс другой классификации/Индекс ББК __
2 Источник индекса okso
a Индекс другой классификации/Индекс ББК 21.05.06
100 Автор __
a Автор Илькевич Н.И.
q Полное имя Илькевич Николай Иванович
245 Заглавие __
a Заглавие Сооружение и эксплуатация газонефтепроводов и газонефтехранилищ
b Продолж. заглавия Учебное пособие
250 Сведения об издании __
a Основные сведения об издании 2
260 Выходные данные __
a Место издания Вологда
b Издательство Инфра-Инженерия
c Дата издания 2025
300 Физическое описание __
a Объем 124 с.
520 Аннотация __
a Аннотация Изложены основные сведения о магистральных трубопроводах и технологии перекачки газа и нефти. Приведены методы и модели оптимального развития и функционирования трубопроводного транспорта с учетом надежности работы оборудования. Рассмотрены вопросы подземного и наземного хранения газообразных и жидких углеводородов. Для студентов нефтегазовых специальностей. Может быть полезно специалистам нефтяной и газовой промышленности.
521 Примеч. о цел. назн. __
a Примеч. о целев. назн. ВО - Специалитет
650 Тематические рубрики __
a Основная рубрика Транспорт
x Основная подрубрика Трубопроводный транспорт
655 Указ. предметных рубрик (устаревшее) __
a Жанр/ форма (устаревшее) Учебное пособие
856 Электронный адрес документа 4_
a Имя сервера/домена znanium.ru
m Помощь ebs_support@infra-m.ru
n Местонахождение сервера НИЦ ИНФРА-М
u URL https://znanium.ru/catalog/document?id=469431
856 Электронный адрес документа 48
a Имя сервера/домена znanium.ru
d Путь /cover/2225
f Электронное имя 2225727.jpg
u URL https://znanium.ru/cover/2225/2225727.jpg
911 __
u 0030=https://znanium.ru/catalog/document?id=469431